El arte en la educación de los niños / (Record no. 150339)

MARC details
000 -LEADER
campo de control de longitud fija 00575nam a2200169 i 4500
001 - NÚMERO DE CONTROL
campo de control 150339
003 - IDENTIFICADOR DE NÚMERO DE CONTROL
campo de control ES-MaACL
005 - FECHA Y HORA DE LA ÚLTIMA TRANSACCIÓN
campo de control 20230906203453.0
007 - CAMPO FIJO DE DESCRIPCIÓN FÍSICA--INFORMACIÓN GENERAL
campo de control de longitud fija t|
008 - DATOS DE LONGITUD FIJA--INFORMACIÓN GENERAL
campo de control de longitud fija 071030s1969 sp ||||1| spa d
100 1# - ENTRADA PRINCIPAL--NOMBRE DE PERSONA
Nombre de persona Vallès, Romà (
Fechas asociadas al nombre 1923-)
9 (RLIN) 112885
245 13 - MENCIÓN DEL TÍTULO
Título El arte en la educación de los niños /
Mención de responsabilidad, etc. Román Vallés.
260 ## - PUBLICACIÓN, DISTRIBUCIÓN, ETC.
Lugar de publicación, distribución, etc. Madrid :
Nombre del editor, distribuidor, etc. Servicio Informativo Español,
Fecha de publicación, distribución, etc. 1969.
300 ## - DESCRIPCIÓN FÍSICA
Extensión 77 p., 15 lám. ;
Dimensiones 21 cm.
710 1# - ENTRADA AGREGADA--NOMBRE DE ENTIDAD CORPORATIVA
Nombre de entidad corporativa o nombre de jurisdicción como elemento de entrada España.
Unidad subordinada Ministerio de Información y Turismo.
-- Servicio Informativo Español.
9 (RLIN) 3888
852 ## - LOCALIZACIÓN
Ubicación ES-MaACL
Número de control de estantería C-47858
Sublocalización o colección R.72119
Holdings
Estatus retirado Estado de pérdida Estado de daño No para préstamo Biblioteca de origen Biblioteca actual Ubicación en estantería Fecha de adquisición Fuente de adquisición Total de préstamos Signatura topográfica completa Código de barras Visto por última vez Precio de reemplazo Tipo de ítem Koha
        Biblioteca del Ateneo de Madrid Biblioteca del Ateneo de Madrid Depósito 2 17/01/2008     C-47858 1156876 23/02/2023 23/02/2023 Libro impreso